| 000 | 00853nam a2200193 i 4500 | ||
|---|---|---|---|
| 001 | 185108 | ||
| 003 | SpMaBN | ||
| 005 | 20230906222341.0 | ||
| 008 | 160322s1981 fr |||| |dfre d | ||
| 080 | _a1Vauvenargues, Luc de Clapiers, Marquis de | ||
| 100 | 1 |
_aVauvenargues, Luc de Clapiers _cmarquis de ( _d1715-1747) _9113330 |
|
| 245 | 1 | 0 |
_aIntroduction á la connoissance de l'esprit humain _b: Fragments. Réflexions critiques. Réflexions et maximes. Méditation sur la foi / _cVauvenargues ; chronologie, introduction, notes et index par Jean Dagen. |
| 250 | _aEd. de 1747 suivie de textes posthumes et de textes retranchés. | ||
| 260 |
_aParis : _bFlammarion, _c[1981] |
||
| 300 |
_a456 p. ; _c18 cm. |
||
| 504 | _aBibliografía: p. [51]-52. | ||
| 700 | 1 |
_aDagen, Jean. _9159186 |
|
| 852 |
_aES-MaACL _jL-30280 _z. - Donat. Miguel A. Velasco |
||
| 999 |
_c185108 _d185108 |
||